000 02123nam a2200469 c 4500
999 _c192821
_d192821
003 BLK
005 20250117115059.0
008 180411b bul|||||r ||||||| ||bul||
010 _aKNG00202032000
020 _a978-619-199-155-6
020 _a3800083820147
040 _aBLK
041 _aBUL
_cBUL
080 _aМатематика - учебници за основни училища
_b373.3.016:51
_z373.3.016:51
080 _aЕлементарна аритметика - Цели числа и действия с тях, множители, дроби, комплексни числа, корени, отношения и т. н.
_b511.1
_z511.1
100 _aДикинс, Роузи
_9376173
139 _aДикинс, Роузи
_bД 53
245 1 0 _aДроби и проценти
_bЕнцикл. с капачета : Над 8 г.
_cРоузи Дикинс; прев. Антон Златаров Татаров; ил. Бенедета Джуафред; ил. Енрика Русина.
257 _aGBR
260 _bФют
_c2015
_fотпеч. в Китай
_aСофия
300 _a14 с.
_bс цв. ил.
_c29 см
380 _aDN
490 _aРазгледайте отвътре!
_9207733
500 _aКор. опис. - Ориг. загл. Lift-the-flap. Fractions and Decimals. - Кн. отпеч. на ламиниран картон.
650 4 _aМатематика - за деца
_9272009
653 _aдробни числа
653 _aпроценти
653 _aматематика
653 _aлитература за деца
653 _aдетска литература
659 _aН
700 1 _aТатаров, Антон Златаров
_eпрев.
_9382674
700 1 _aДжуафред, Бенедета
_eил.
_961163
700 1 _aРусина, Енрика
_eил.
_9341773
852 _aЦб ІІ 21695
856 4 _qpdf
856 4 _qpdf
942 _cKNG
_n0
_08
_s1
944 _aCR
_c01.03.2017
_lКети Илиева
_k30550
944 _aED
_c02.03.2017
_lф /
_kЛюдмила_Стоянова
999 _d192821